000 00602pam a2200229 4500
001 1723346
005 20180205082328.0
008 730507s1973 nju b 000 0 engs
010 _a 73007859
020 _a0131279289
040 _aDLC
_cDLC
_dDLC
041 _aeng
080 _a658.406
082 0 0 _a658.406 BAR
100 1 _a54
101 _aLID
245 1 0 _aChanging organizational behavior.
_cEdited by Alton C. Bartlett [and] Thomas A. Kayser.
350 _a$6.95
504 _aIncludes bibliographies.
906 _a7
_bcbc
_corignew
_d1
_eocip
_f19
_gy-gencatlg
942 _2ddc
_cBK
999 _c41808
_d41808